Orbán-nap
Elmentve itt :
| Szerző: | |
|---|---|
| Adatforrás: | Meister |
| Forrásdokumentuma: | Korunk. - 10 sz., 1995, 28-37 p. |
| Nyelv: | magyar |
| Kulcsszavak: | politikai publicisztika politikatörténet magyarok (romániai) kisebbségi kérdés Erdély |
| LEADER | 00453nab a2200169 i 4500 | ||
|---|---|---|---|
| 001 | bibPRO00000273 | ||
| 008 | 060524s1995 xx hun | ||
| 040 | |a Sz1 | ||
| 041 | |a hun | ||
| 100 | 1 | |a LÁSZLÓFFY Aladár | |
| 245 | 1 | 0 | |a Orbán-nap |c LÁSZLÓFFY Aladár |
| 695 | |a politikai publicisztika | ||
| 695 | |a politikatörténet | ||
| 695 | |a magyarok (romániai) | ||
| 695 | |a kisebbségi kérdés | ||
| 695 | |a Erdély | ||
| 773 | 0 | |t Korunk. - |g 10 sz., 1995, 28-37 p. | |